Fluid mechanics, fluid machines and hydraulics : with 500 solved problems

Saved in:
Bibliografiske detaljer
Hovedforfatter: GUPTA, V.P
Format: Bog
Sprog:engelsk
Udgivet: CBS Publishers 1999
Tags: Tilføj Tag
Ingen Tags, Vær først til at tagge denne postø!

MARC

LEADER 00000nam a22000007a 4500
008 240527b |||||||| |||| 00| 0 eng d
020 |a 8123906609 
100 |a GUPTA, V.P. 
245 |a Fluid mechanics, fluid machines and hydraulics  |b : with 500 solved problems  |g xxii,1194p;ill 
250 |b 3rd 
260 |b CBS Publishers  |c 1999  |h New Delhi  |i 701355  |i 701356  |l TA357.G95  |m Fluid mechanics  |m Hydraulics  |m Aerodynamics 
500 |a it includes index 
942 |a lcc  |c BK  |e Johnson  |f 27/05/24 
952 |0 0  |1 0  |2 lcc  |4 0  |6 TA0357 G95  |7 0  |9 5157  |a TL  |b HOL  |c QZ  |d 2024-05-27  |l 0  |o TA357.G95  |p 2024-0403  |r 2024-05-27 00:00:00  |t 701355  |w 2024-05-27  |y BK 
952 |0 0  |1 0  |2 lcc  |4 0  |6 TA0357 G95  |7 0  |9 5158  |a HOL  |b HOL  |c QZ  |d 2024-05-27  |l 0  |o TA357.G95  |p 2024-0404  |r 2024-05-27 00:00:00  |t 701356  |w 2024-05-27  |y BK 
999 |c 2562  |d 2562